Missing Word: Thanksgiving Foods & Traditions Quiz Stats

Quiz not verified by Sporcle

Challenge
Share
Tweet
Score 0/16 Timer 02:00
0 Plays Today
% Correct
pie
95%
mashed/sweet
94.8%
meat
93.7%
turkey
92.1%
bean
91.3%
sauce
90.6%
Parade
89.8%
wishbone
86.3%
% Correct
Thursday
84%
Black
83.7%
Cowboys
77%
Ham
76.8%
overs
72.8%
Lions
64.4%
Trot
36.2%
pardons
34.9%

You're not logged in!

Compare scores with friends on all Sporcle quizzes.
Sign Up with Email
OR
Log In

You Might Also Like...

Show Comments

Extras

Top Quizzes Today


Score Distribution

Your Account Isn't Verified!

In order to create a playlist on Sporcle, you need to verify the email address you used during registration. Go to your Sporcle Settings to finish the process.